[Event "Ruhrgebiet Verbandsklasse Gruppe 1 1718"]
[Site "Germany"]
[Date "2018.04.29"]
[Round "9.2"]
[White "Kleibaumhueter, Klaus"]
[Black "Renk, Christoph"]
[Result "1/2-1/2"]
[WhiteElo "2083"]
[BlackElo "1970"]
[PlyCount "45"]
[EventDate "2017.09.17"]
[EventType "team-tourn"]
[EventRounds "9"]
[EventCountry "GER"]
[SourceTitle "EXT 2022"]
[Source "ChessBase"]
[SourceDate "2021.10.06"]
[SourceVersion "1"]
[SourceVersionDate "2021.10.06"]
[SourceQuality "1"]
[WhiteTeam "Eving SV Rochade"]
[BlackTeam "Buer SF"]
[WhiteTeamCountry "GER"]
[BlackTeamCountry "GER"]

1. Nf3 Nf6 2. c4 g6 3. Nc3 Bg7 4. g3 c5 5. Bg2 Nc6 6. d4 cxd4 7. Nxd4 0-0 8. Nc2 d6 9. 0-0 Re8 10. Nd5 Ne5 11. Nxf6+ Bxf6 12. Ne3 Bg7 13. Rb1 Rb8 14. Bd2 Be6 15. Bc3 Nxc4 16. Nxc4 Bxc3 17. Nxd6 Qxd6 18. bxc3 Qc7 19. Qa4 b6 20. Rfd1 Red8 21. h4 h5 22. Bf3 Rbc8 23. Kg2 1/2-1/2

[Event "Ruhrgebiet Verbandsklasse Gruppe 1 1718"]
[Site "Germany"]
[Date "2018.01.14"]
[Round "5.2"]
[White "Kleibaumhueter, Klaus"]
[Black "Hortolani, Sven Holger"]
[Result "1/2-1/2"]
[WhiteElo "2086"]
[BlackElo "2079"]
[PlyCount "52"]
[EventDate "2017.09.17"]
[EventType "team-tourn"]
[EventRounds "9"]
[EventCountry "GER"]
[SourceTitle "EXT 2022"]
[Source "ChessBase"]
[SourceDate "2021.10.06"]
[SourceVersion "1"]
[SourceVersionDate "2021.10.06"]
[SourceQuality "1"]
[WhiteTeam "Eving SV Rochade"]
[BlackTeam "Oberhausen SW"]
[WhiteTeamCountry "GER"]
[BlackTeamCountry "GER"]

1. Nf3 d5 2. d4 Nf6 3. c4 c6 4. Qc2 g6 5. Nc3 Bg7 6. Bf4 dxc4 7. e4 b5 8. Rd1 0-0 9. a3 a6 10. Be2 Nh5 11. Bg5 h6 12. Be3 Nf6 13. Ne5 Nfd7 14. Nxd7 Nxd7 15. Qd2 Kh7 16. d5 Bb7 17. 0-0 cxd5 18. exd5 Nf6 19. f4 Qd7 20. Bf3 Rac8 21. Qe2 a5 22. Bd4 Ne8 23. Rfe1 b4 24. axb4 axb4 25. Bxg7 Nxg7 26. Qxe7 Qxe7 1/2-1/2

[Event "Ruhrgebiet Verbandsklasse Gruppe 3 1516"]
[Site "Germany"]
[Date "2015.12.20"]
[Round "5.2"]
[White "Kleibaumhueter, Klaus"]
[Black "Hoefker, Mathias"]
[Result "1/2-1/2"]
[WhiteElo "1991"]
[BlackElo "2068"]
[PlyCount "95"]
[EventDate "2015.09.06"]
[EventType "team-tourn"]
[EventRounds "9"]
[EventCountry "GER"]
[SourceTitle "EXT 2022"]
[Source "ChessBase"]
[SourceDate "2021.10.06"]
[SourceVersion "1"]
[SourceVersionDate "2021.10.06"]
[SourceQuality "1"]
[WhiteTeam "Eving SV Rochade"]
[BlackTeam "Recklinghausen Sued"]
[WhiteTeamCountry "GER"]
[BlackTeamCountry "GER"]

1. Nf3 Nf6 2. c4 e6 3. g3 d5 4. Bg2 c5 5. 0-0 Nc6 6. d4 Be7 7. Nc3 0-0 8. cxd5 exd5 9. dxc5 Bxc5 10. Na4 Be7 11. Be3 Qa5 12. Rc1 Ne4 13. a3 Bg4 14. b4 Qb5 15. Nc5 Rfd8 16. Re1 Rac8 17. Qd3 Qxd3 18. exd3 Nxc5 19. Bxc5 Bxc5 20. Rxc5 b6 21. Rcc1 Bxf3 22. Bxf3 Nd4 23. Kg2 Nc2 24. Red1 d4 25. Bb7 Rc3 26. Kf3 Rd7 27. Ba6 g6 28. Rd2 Nxa3 29. Ra1 Nc2 30. Rb1 Re7 31. Re2 Rxe2 32. Kxe2 Ra3 33. Bc4 a5 34. bxa5 bxa5 35. Rb7 Nb4 36. Rxf7 Kh8 37. g4 g5 38. Rf5 h6 39. f4 gxf4 40. Rxf4 Rc3 41. Rxd4 Rc2+ 42. Kf3 Rxh2 43. Rd8+ Kg7 44. Ra8 Rh3+ 45. Kg2 Re3 46. Rxa5 Nxd3 47. Bxd3 Rxd3 48. Rf5 1/2-1/2

[Event "Ruhrgebiet Verbandsklasse Gruppe 3 1516"]
[Site "Germany"]
[Date "2015.09.27"]
[Round "2.1"]
[White "Kleibaumhueter, Klaus"]
[Black "Schlueter, Christoph"]
[Result "1/2-1/2"]
[WhiteElo "1991"]
[BlackElo "1995"]
[PlyCount "50"]
[EventDate "2015.09.06"]
[EventType "team-tourn"]
[EventRounds "9"]
[EventCountry "GER"]
[SourceTitle "EXT 2022"]
[Source "ChessBase"]
[SourceDate "2021.10.06"]
[SourceVersion "1"]
[SourceVersionDate "2021.10.06"]
[SourceQuality "1"]
[WhiteTeam "Eving SV Rochade"]
[BlackTeam "Kirchhellen SF"]
[WhiteTeamCountry "GER"]
[BlackTeamCountry "GER"]

1. Nf3 c5 2. c4 Nf6 3. Nc3 e6 4. d4 cxd4 5. Nxd4 Bb4 6. Qb3 Qe7 7. Ndb5 Na6 8. a3 Bxc3+ 9. Qxc3 0-0 10. Bf4 Ne8 11. Rd1 f6 12. g3 d5 13. cxd5 exd5 14. Bg2 Be6 15. Nd4 Bf7 16. 0-0 Qd7 17. Rc1 Nd6 18. Bxd6 Qxd6 19. Bh3 Rfe8 20. b4 Rad8 21. e3 g6 22. Nb5 Qb6 23. Nd4 Re7 24. Rfd1 Kg7 25. Qd2 Nc7 1/2-1/2

[Event "Kiel op-A 26th"]
[Site "Kiel"]
[Date "2013.07.27"]
[Round "1"]
[White "Kleibaumhueter, Klaus"]
[Black "Reinhardt, Johannes"]
[Result "1-0"]
[WhiteElo "2096"]
[BlackElo "1791"]
[PlyCount "51"]
[EventDate "2013.07.27"]
[EventType "swiss"]
[EventRounds "9"]
[EventCountry "GER"]
[SourceTitle "EXT 2018"]
[Source "ChessBase"]
[SourceDate "2017.10.13"]
[SourceVersion "1"]
[SourceVersionDate "2017.10.13"]
[SourceQuality "1"]

1. Nf3 Nf6 2. c4 e6 3. g3 b6 4. Bg2 Bb7 5. 0-0 Be7 6. Nc3 0-0 7. Re1 d5 8. cxd5 Nxd5 9. e4 Nb4 10. d4 c5 11. a3 cxd4 12. Nxd4 N4c6 13. Ndb5 Nd7 14. e5 Na5 15. Bxb7 Nxb7 16. b4 a5 17. Rb1 axb4 18. axb4 Qc8 19. Qg4 Kh8 20. Bg5 Bxg5 21. Qxg5 Qd8 22. Qh5 Qe7 23. Qf3 Rab8 24. Nd4 Rfc8 25. Nc6 Nxe5 26. Nxe5 1-0

[Event "Biel MTO op 45th"]
[Site "Biel"]
[Date "2012.07.23"]
[Round "1"]
[White "Kleibaumhueter, Klaus"]
[Black "Avrukh, Boris"]
[Result "0-1"]
[WhiteElo "2140"]
[BlackElo "2605"]
[PlyCount "56"]
[EventDate "2012.07.23"]
[EventType "swiss"]
[EventRounds "11"]
[EventCountry "SUI"]
[SourceTitle "CBM 149 Extra"]
[Source "ChessBase"]
[SourceDate "2012.08.24"]
[SourceVersion "1"]
[SourceVersionDate "2012.08.24"]
[SourceQuality "1"]

1. Nf3 d5 2. d4 Nf6 3. c4 c6 4. Qb3 dxc4 5. Qxc4 Bg4 6. Nbd2 Nbd7 7. g3 e6 8. Bg2 Be7 9. Qb3 Qb6 10. 0-0 0-0 11. h3 Bh5 12. g4 Bg6 13. Qxb6 axb6 14. Nc4 Be4 15. Bg5 b5 16. Nfe5 Nxe5 17. Nxe5 Bxg2 18. Kxg2 Ra4 19. e3 b4 20. Nd7 Rd8 21. Nb6 Ra6 22. Nc4 Rda8 23. a3 b5 24. Ne5 bxa3 25. bxa3 Bxa3 26. Ra2 Ne4 27. Bh4 b4 28. Rc2 b3 0-1

[Event "Ruhrgebiet VK1 1112"]
[Site "Nordrheinwestfalen"]
[Date "2011.09.18"]
[Round "1"]
[White "Kleibaumhueter, Klaus"]
[Black "Wolter, Detlef"]
[Result "0-1"]
[WhiteElo "2087"]
[BlackElo "2188"]
[PlyCount "62"]
[EventDate "2012.09.18"]
[EventType "team-tourn"]
[EventRounds "9"]
[EventCountry "GER"]
[SourceTitle "EXT 2020"]
[Source "ChessBase"]
[SourceDate "2019.10.17"]
[SourceVersion "1"]
[SourceVersionDate "2019.10.17"]
[SourceQuality "1"]
[WhiteTeam "Rochade Eving"]
[BlackTeam "Hoentrop SG"]
[WhiteTeamCountry "GER"]
[BlackTeamCountry "GER"]

1. Nf3 g6 2. c4 Bg7 3. Nc3 d6 4. g3 f5 5. d4 Nf6 6. Bg2 0-0 7. 0-0 c6 8. b3 h6 9. Qc2 Na6 10. Bb2 Qe8 11. Rad1 g5 12. a3 Qh5 13. b4 f4 14. d5 fxg3 15. fxg3 Ng4 16. Qd2 c5 17. bxc5 Nxc5 18. h3 Nf6 19. g4 Bxg4 20. hxg4 Nxg4 21. e3 Rf7 22. Rde1 Raf8 23. Nd1 Ne4 24. Qc2 Ng3 25. Bxg7 Rxf3 26. Bxf3 Rxf3 27. Qg2 Rxf1+ 28. Rxf1 Nxf1 29. Bd4 Ngh2 30. Qe4 Qf7 31. Nf2 Nd2 0-1

[Event "Biel MTO op 43rd"]
[Site "Biel"]
[Date "2010.07.22"]
[Round "4"]
[White "Domont, Alexandre"]
[Black "Kleibaumhueter, Klaus"]
[Result "1-0"]
[WhiteElo "2328"]
[BlackElo "2097"]
[PlyCount "55"]
[EventDate "2010.07.19"]
[EventType "swiss"]
[EventRounds "11"]
[EventCountry "SUI"]
[SourceTitle "CBM 137 Extra"]
[Source "ChessBase"]
[SourceDate "2010.09.01"]
[SourceVersion "1"]
[SourceVersionDate "2010.09.01"]
[SourceQuality "1"]

1. e4 e6 2. Qe2 c5 3. Nf3 Nc6 4. g3 Nf6 5. Bg2 d5 6. exd5 Nxd5 7. 0-0 Be7 8. Rd1 0-0 9. Nc3 Nc7 10. d3 Re8 11. Bf4 Bf6 12. Ne4 e5 13. Be3 b6 14. c3 Be7 15. d4 Ba6 16. Qc2 exd4 17. cxd4 Nb4 18. Qb1 c4 19. a3 Nd3 20. Nc3 Bf6 21. b3 b5 22. Ne5 Bxe5 23. dxe5 Rxe5 24. a4 b4 25. bxc4 Bxc4 26. Bxa8 Nxa8 27. Qxb4 Qc8 28. Rxd3 1-0

[Event "Ruhrgebiet VK3 0910"]
[Site "Ruhrgebiet"]
[Date "2010.01.10"]
[Round "5.2"]
[White "Kleibaumhueter, Klaus"]
[Black "Nautsch, Werner"]
[Result "1-0"]
[WhiteElo "2148"]
[BlackElo "2229"]
[PlyCount "151"]
[EventDate "2009.09.06"]
[EventType "team"]
[EventRounds "9"]
[EventCountry "GER"]
[SourceTitle "EXT 2011"]
[Source "ChessBase"]
[SourceDate "2010.11.26"]
[SourceVersion "1"]
[SourceVersionDate "2010.11.26"]
[SourceQuality "1"]
[WhiteTeam "Rochade Eving"]
[BlackTeam "Katernberg III"]
[WhiteTeamCountry "GER"]
[BlackTeamCountry "GER"]

1. Nf3 g6 2. c4 Bg7 3. Nc3 Nf6 4. g3 0-0 5. Bg2 d5 6. cxd5 Nxd5 7. 0-0 c6 8. e4 Nxc3 9. dxc3 Bg4 10. Qb3 Qc8 11. Be3 Nd7 12. h3 Be6 13. Qc2 Nb6 14. Kh2 Nc4 15. Bd4 f6 16. Bc5 Re8 17. b3 b6 18. Bd4 c5 19. bxc4 cxd4 20. cxd4 Qxc4 21. Qd2 Rac8 22. Rfc1 Qa4 23. d5 Bd7 24. d6 exd6 25. Rxc8 Rxc8 26. Qxd6 Qc6 27. Rd1 Qxd6 28. Rxd6 Rc7 29. Nd4 Kf7 30. Bf1 Ke7 31. Rd5 f5 32. exf5 Bxd4 33. Rxd4 Bxf5 34. Bc4 Rc5 35. Bb3 b5 36. g4 Bc2 37. Bg8 g5 38. f4 h6 39. h4 Rc8 40. Bb3 Bxb3 41. axb3 Rc2+ 42. Kg1 gxh4 43. Rd5 b4 44. Rh5 a5 45. Rxa5 Rb2 46. Re5+ Kf6 47. Re3 h5 48. gxh5 Kf5 49. Re5+ Kxf4 50. h6 Ra2 51. h7 Ra8 52. Rh5 Rh8 53. Rxh4+ Kg5 54. Rh3 Kg6 55. Kf2 Kg7 56. Ke3 Re8+ 57. Kd4 Kh8 58. Kc5 Re4 59. Rh6 Rf4 60. Rb6 Kxh7 61. Rxb4 Rf5+ 62. Kd6 Kg7 63. Re4 Kf7 64. b4 Rf6+ 65. Kd7 Rf5 66. Kd6 Rf6+ 67. Kc5 Rf5+ 68. Kb6 Rd5 69. Kc6 Rd1 70. b5 Rc1+ 71. Kb7 Rb1 72. b6 Rb2 73. Kc7 Rc2+ 74. Kb8 Rb2 75. b7 Ra2 76. Rc4 1-0

[Event "Dresden ZMD op"]
[Site "Dresden"]
[Date "2009.07.31"]
[Round "7"]
[White "Mishin, Fedor"]
[Black "Kleibaumhueter, Klaus"]
[Result "1-0"]
[WhiteElo "1725"]
[BlackElo "2148"]
[PlyCount "53"]
[EventDate "2009.07.25"]
[EventType "swiss"]
[EventRounds "9"]
[EventCountry "GER"]
[SourceTitle "CBM 131 Extra"]
[Source "ChessBase"]
[SourceDate "2009.09.03"]
[SourceVersion "2"]
[SourceVersionDate "2009.09.16"]
[SourceQuality "1"]

1. d4 d5 2. c4 dxc4 3. e3 Nf6 4. Bxc4 e6 5. Nc3 c5 6. Nge2 a6 7. a4 Nc6 8. 0-0 cxd4 9. exd4 Be7 10. d5 exd5 11. Nxd5 Nxd5 12. Bxd5 0-0 13. Nc3 Nb4 14. Bf3 Nd3 15. Be3 Ne5 16. Bd5 Bb4 17. Qb3 a5 18. Rfd1 Qe7 19. Ne4 Kh8 20. Rac1 Bg4 21. f3 Nxf3+ 22. gxf3 Bxf3 23. Rd4 Ra6 24. Ng3 Bxd5 25. Rxd5 Re6 26. Bd4 Qh4 27. Bxg7+ 1-0

[Event "Dresden ZMD op"]
[Site "Dresden"]
[Date "2008.07.25"]
[Round "7"]
[White "Kleibaumhueter, Klaus"]
[Black "Siegl, Detlef"]
[Result "1-0"]
[WhiteElo "2151"]
[BlackElo "1972"]
[PlyCount "77"]
[EventDate "2008.07.19"]
[EventType "swiss"]
[EventRounds "9"]
[EventCountry "GER"]
[SourceTitle "CBM 125 Extra"]
[Source "ChessBase"]
[SourceDate "2008.09.01"]
[SourceVersion "1"]
[SourceVersionDate "2008.09.01"]
[SourceQuality "1"]

1. Nf3 Nf6 2. c4 c6 3. d4 d5 4. Qc2 dxc4 5. Qxc4 e6 6. g3 Nbd7 7. Bg2 Bd6 8. 0-0 0-0 9. Rd1 Qc7 10. Nc3 b5 11. Qd3 Bb7 12. e4 Be7 13. e5 Nd5 14. Nxd5 exd5 15. Bg5 Nb6 16. b3 Rae8 17. Rac1 Qd8 18. h4 Nd7 19. Re1 a6 20. Bxe7 Rxe7 21. Ng5 g6 22. e6 f6 23. Nxh7 Kxh7 24. exd7 Qxd7 25. h5 Rg8 26. Kh2 Qe8 27. Rxe7+ Qxe7 28. hxg6+ Rxg6 29. Rc2 Kg7 30. Re2 Rh6+ 31. Kg1 Qf7 32. Qf5 Rh8 33. Qg4+ Kf8 34. Qf4 Kg7 35. Bh3 Re8 36. Be6 Qe7 37. Qg4+ Kh8 38. f4 Bc8 39. Rh2+ 1-0

[Event "Dresden ZMD op"]
[Site "Dresden"]
[Date "2008.07.20"]
[Round "3"]
[White "Kleibaumhueter, Klaus"]
[Black "Graf, Alexander"]
[Result "1/2-1/2"]
[WhiteElo "2151"]
[BlackElo "2621"]
[PlyCount "27"]
[EventDate "2008.07.19"]
[EventType "swiss"]
[EventRounds "9"]
[EventCountry "GER"]
[SourceTitle "CBM 125 Extra"]
[Source "ChessBase"]
[SourceDate "2008.09.01"]
[SourceVersion "1"]
[SourceVersionDate "2008.09.01"]
[SourceQuality "1"]

1. Nf3 Nf6 2. g3 d5 3. Bg2 c6 4. 0-0 Bg4 5. d3 Nbd7 6. c4 dxc4 7. dxc4 e5 8. Nc3 h6 9. Qc2 Qc7 10. Be3 Be7 11. h3 Be6 12. Nh4 Bxc4 13. Nf5 Ba6 14. Nxg7+ 1/2-1/2

[Event "Biel MTO op 40th"]
[Site "Biel"]
[Date "2007.08.01"]
[Round "9"]
[White "Bozinovic, Bogdan"]
[Black "Kleibaumhueter, Klaus"]
[Result "1-0"]
[WhiteElo "2280"]
[BlackElo "2133"]
[PlyCount "74"]
[EventDate "2007.07.23"]
[EventType "swiss"]
[EventRounds "11"]
[EventCountry "SUI"]
[SourceTitle "CBM 119 Extra"]
[Source "ChessBase"]
[SourceDate "2007.09.04"]
[SourceVersion "1"]
[SourceVersionDate "2007.09.04"]
[SourceQuality "1"]

1. d4 d5 2. Nf3 Nf6 3. c4 dxc4 4. e3 e6 5. Bxc4 c5 6. 0-0 a6 7. e4 cxd4 8. e5 Nd5 9. Nxd4 b5 10. Bb3 Bb7 11. Qg4 h5 12. Nxe6 hxg4 13. Nxd8 Kxd8 14. Rd1 Nd7 15. Bxd5 Bxd5 16. Rxd5 Rh5 17. Bf4 Ke7 18. Nc3 Ke6 19. Rd4 Bc5 20. Re4 Rah8 21. Bg3 Nxe5 22. Rae1 f6 23. Rxg4 Kf7 24. Bxe5 fxe5 25. h3 Bd4 26. Re2 Rc8 27. Ne4 Rc6 28. Ng3 Rh7 29. Nf5 Rc1+ 30. Kh2 Bb6 31. Rd2 Rf1 32. Nd6+ Kf8 33. Ne4 Bd4 34. Ng3 Rb1 35. Nf5 Bc5 36. Rc2 Bb6 37. Rg6 Bd8 1-0

[Event "Ruhrgebiet VK playoff 0405"]
[Site "Ruhrgebiet"]
[Date "2005.06.12"]
[Round "3.4"]
[White "Kleibaumhueter, Klaus"]
[Black "Zemskyi, Evgen"]
[Result "1/2-1/2"]
[WhiteElo "1966"]
[BlackElo "1716"]
[PlyCount "83"]
[EventDate "2005.05.08"]
[EventType "team"]
[EventRounds "3"]
[EventCountry "GER"]
[SourceTitle "EXT 2006"]
[Source "ChessBase"]
[SourceDate "2005.11.24"]
[SourceVersion "1"]
[SourceVersionDate "2005.11.24"]
[SourceQuality "1"]
[WhiteTeam "Eving SV Rochade"]
[BlackTeam "Horst III"]
[WhiteTeamCountry "GER"]
[BlackTeamCountry "GER"]

1. Nf3 c5 2. c4 Nf6 3. Nc3 e6 4. g3 b6 5. Bg2 Bb7 6. 0-0 Be7 7. Re1 0-0 8. e4 d6 9. d4 cxd4 10. Nxd4 Nbd7 11. e5 dxe5 12. Bxb7 exd4 13. Qxd4 Rb8 14. Bg2 Nc5 15. Nb5 a6 16. Qxd8 Rbxd8 17. Na7 Nd3 18. Re2 Bc5 19. Be3 Bxe3 20. fxe3 Ne5 21. Nc6 Nxc6 22. Bxc6 Rd3 23. h3 Rfd8 24. Kf2 Kf8 25. Rc1 Nd7 26. Bxd7 R3xd7 27. Rc3 Rc8 28. Rec2 Rdc7 29. Ke2 Ke7 30. Kd2 h5 31. a4 Kd6 32. Rd3+ Ke5 33. Rd4 b5 34. axb5 axb5 35. b3 g5 36. Kd3 f5 37. Ra2 Rc5 38. Ra6 bxc4+ 39. bxc4 R8c6 40. Ra8 Rc8 41. Ra6 R8c6 42. Ra8 1/2-1/2

[Event "Davos op 3rd"]
[Site "Davos"]
[Date "2004.08.03"]
[Round "4"]
[White "Sedina, Elena"]
[Black "Kleibaumhueter, Klaus"]
[Result "1/2-1/2"]
[WhiteElo "2396"]
[BlackElo "2167"]
[PlyCount "40"]
[EventDate "2004.07.31"]
[EventType "swiss"]
[EventRounds "9"]
[EventCountry "SUI"]
[SourceTitle "CBM 101 Extra"]
[Source "ChessBase"]
[SourceDate "2004.09.01"]
[SourceVersion "2"]
[SourceVersionDate "2004.09.01"]
[SourceQuality "1"]

1. e4 e6 2. d4 d5 3. e5 c5 4. c3 Nc6 5. Nf3 Bd7 6. Be2 f6 7. 0-0 fxe5 8. Nxe5 Nxe5 9. dxe5 Qc7 10. c4 d4 11. Re1 0-0-0 12. Bd3 Ne7 13. Na3 h6 14. Nb5 Bxb5 15. cxb5 Nd5 16. Bd2 Kb8 17. Qg4 c4 18. Be4 Qxe5 19. Bf3 Qc7 20. Rxe6 Bb4 1/2-1/2

[Event "Ruhrgebiet VK2 0304"]
[Site "Ruhrgebiet"]
[Date "2004.02.29"]
[Round "7.2"]
[White "Goihl, Mona"]
[Black "Kleibaumhueter, Klaus"]
[Result "1/2-1/2"]
[WhiteElo "2031"]
[BlackElo "1969"]
[PlyCount "54"]
[EventDate "2003.09.28"]
[EventType "team"]
[EventRounds "9"]
[EventCountry "GER"]
[SourceTitle "EXT 2007"]
[Source "ChessBase"]
[SourceDate "2006.11.23"]
[SourceVersion "1"]
[SourceVersionDate "2006.11.23"]
[SourceQuality "1"]
[WhiteTeam "Wattenscheid IV"]
[BlackTeam "Eving SV Rochade"]
[WhiteTeamCountry "GER"]
[BlackTeamCountry "GER"]

1. e4 e6 2. d4 d5 3. exd5 exd5 4. Nf3 c5 5. dxc5 Bxc5 6. Bb5+ Nc6 7. 0-0 Nge7 8. Bg5 f6 9. Bf4 0-0 10. Nbd2 Bg4 11. Nb3 Bb6 12. h3 Bh5 13. c3 Ng6 14. Bh2 Nge5 15. Be2 Bxf3 16. Bxf3 Nxf3+ 17. Qxf3 Ne5 18. Qf5 Qc8 19. Qxc8 Raxc8 20. Rfd1 Nc4 21. Rab1 Rfe8 22. Kf1 Rcd8 23. Nd2 Ne5 24. Nb3 Nc6 25. Rd2 d4 26. cxd4 Nxd4 27. Nxd4 Rxd4 1/2-1/2

[Event "Ruhrgebiet VK2 0304"]
[Site "Ruhrgebiet"]
[Date "2004.02.08"]
[Round "6.2"]
[White "Kleibaumhueter, Klaus"]
[Black "Dorgarten, Armin"]
[Result "0-1"]
[WhiteElo "1969"]
[BlackElo "1934"]
[PlyCount "82"]
[EventDate "2003.09.28"]
[EventType "team"]
[EventRounds "9"]
[EventCountry "GER"]
[SourceTitle "EXT 2007"]
[Source "ChessBase"]
[SourceDate "2006.11.23"]
[SourceVersion "1"]
[SourceVersionDate "2006.11.23"]
[SourceQuality "1"]
[WhiteTeam "Eving SV Rochade"]
[BlackTeam "Ruettenscheid Rochade"]
[WhiteTeamCountry "GER"]
[BlackTeamCountry "GER"]

1. Nf3 Nf6 2. c4 c5 3. Nc3 d5 4. cxd5 Nxd5 5. d4 Nxc3 6. bxc3 Qa5 7. Bd2 Bf5 8. Qb3 Qc7 9. g3 e6 10. Nh4 Be4 11. f3 Bc6 12. e4 Be7 13. Ng2 Bf6 14. d5 exd5 15. exd5 Bd7 16. Bd3 Be5 17. 0-0 0-0 18. Rae1 Bh3 19. Rf2 Bxg2 20. Kxg2 Nd7 21. Rfe2 Bd6 22. Bf5 c4 23. Qc2 h6 24. Bxd7 Qxd7 25. Qe4 b5 26. f4 Rfd8 27. f5 Bf8 28. Qg4 Qxd5+ 29. Kh3 Kh7 30. Bf4 Qc6 31. Be5 Rd5 32. Bd4 Qd7 33. Re5 Rxe5 34. Rxe5 a6 35. Qe4 Rd8 36. g4 b4 37. Re6 Kg8 38. Rxa6 bxc3 39. Be3 Qd3 40. Qe5 Qxe3+ 41. Qxe3 Rd3 0-1